|
|
|
|
| LEADER |
01160nam a2200289 a 4500 |
| 001 |
00020919 |
| 008 |
100927s1977 bg w 000 0 eng d |
| 040 |
|
|
|a BD-DhAAL
|c BD-DhAAL
|
| 082 |
0 |
0 |
|a 348.5492/046
|
| 999 |
|
|
|c 10630
|d 10630
|
| 999 |
|
|
|c 10630
|
| 130 |
0 |
|
|a DLR
|9 4004
|
| 245 |
0 |
4 |
|a The Dacca law reports :
|b a monthly law journal
|n volume no. 29
|
| 246 |
1 |
7 |
|a The Dhaka Law Reports.
|
| 260 |
|
|
|a Dacca [Bangladesh] :
|b Dhaka Law Reports,
|c 1977
|
| 362 |
0 |
|
|a Vol.XXVIIII,1977
|
| 500 |
|
|
|a Index of cases of the appellate division of the supreme court of Bangladesh.
|
| 500 |
|
|
|a "A journal of law reports."
|
| 500 |
|
|
|a Latest issue consulted: Vol.XXVIIII,January to December,1977
|
| 541 |
|
|
|e 00022314
|
| 590 |
|
|
|a Published yearly.
|
| 650 |
|
0 |
|a Law reports, digests, etc.
|z Bangladesh.
|9 4005
|
| 650 |
|
0 |
|a Law reports, digests, etc.
|z India
|z Bengal.
|9 4006
|
| 710 |
1 |
|
|a Chowdhury,Obaidul Haque.
|9 1116
|
| 852 |
4 |
|
|a Ayesha Abed Library
|j General shelf
|
| 942 |
|
|
|2 ddc
|c 1HOUR
|
| 952 |
|
|
|0 0
|1 0
|2 ddc
|4 0
|6 348_549204600000000_DAC
|7 0
|8 REF
|9 15980
|a BRACUL
|b BRACUL
|c CIR
|d 2011-04-05
|l 9
|o 348.5492046 DAC
|p 3010022314
|r 2014-03-05
|s 2014-03-05
|t 1
|w 2011-04-05
|y 1HOUR
|